[Event "European Online Club-ch-D 2021"]
[Site "Online"]
[Date "2021.03.27"]
[Round "9.10"]
[White "Dolana, Andrei-Theodor"]
[Black "Nandhidhaa, P V"]
[Result "1/2-1/2"]
[WhiteElo "2359"]
[BlackElo "2365"]
[Annotator "NA"]
[PlyCount "291"]
[EventDate "2021.03.27"]
[EventType "team-tourn"]
[EventCountry "NET"]
[SourceTitle "playchess.com"]
[Source "ChessBase"]
[SourceQuality "1"]
[TimeControl "900+5"]

1. Nf3 {[%emt 0:00:00]} c5 {[%emt 0:00:05]} 2. c4 {[%emt 0:00:03]} b6 {[%emt 0:00:03]} 3. e3 {[%emt 0:00:26]} Bb7 {[%emt 0:00:05]} 4. d4 {[%emt 0:00:02]} cxd4 {[%emt 0:00:10]} 5. exd4 {[%emt 0:00:02]} e6 {[%emt 0:00:05]} 6. Bd3 {[%emt 0:00:02]} Nf6 {[%emt 0:00:14]} 7. O-O {[%emt 0:00:03]} Be7 {[%emt 0:00:12]} 8. Nc3 {[%emt 0:00:03]} O-O {[%emt 0:00:03]} 9. Bg5 {[%emt 0:01:42]} d5 {[%emt 0:01:06]} 10. a3 {[%emt 0:00:07]} dxc4 {[%emt 0:00:10]} 11. Bxc4 {[%emt 0:00:03]} Nc6 {[%emt 0:00:40]} 12. Qd3 {[%emt 0:00:12]} Nd5 {[%emt 0:00:50]} 13. Ne4 {[%emt 0:02:50]} h6 {[%emt 0:02:25]} 14. Bd2 {[%emt 0:01:11]} Nf6 {[%emt 0:00:07]} 15. Nc3 {[%emt 0:00:22]} Na5 {[%emt 0:00:30]} 16. Ba2 {[%emt 0:00:03]} Bxf3 {[%emt 0:00:37]} 17. Qxf3 {[%emt 0:00:04]} Qxd4 {[%emt 0:00:03]} 18. Bf4 {[%emt 0:03:01]} e5 {[%emt 0:01:35]} 19. Bg3 {[%emt 0:00:59]} e4 {[%emt 0:01:12]} 20. Qe2 {[%emt 0:02:35]} Qd3 {[%emt 0:00:48]} 21. Rfe1 {[%emt 0:00:06]} Qxe2 {[%emt 0:00:26]} 22. Rxe2 {[%emt 0:00:03]} Nc6 {[%emt 0:00:29]} 23. Nxe4 {[%emt 0:01:42]} Nd4 {[%emt 0:00:09]} 24. Nxf6+ {[%emt 0:00:03]} Bxf6 {[%emt 0:00:06]} 25. Rd2 {[%emt 0:00:01]} Rad8 {[%emt 0:00:35]} 26. Rad1 {[%emt 0:00:07]} Rfe8 {[%emt 0:01:29]} 27. Kf1 {[%emt 0:00:03]} Rc8 {[%emt 0:00:27]} 28. Bf4 {[%emt 0:00:29]} g5 {[%emt 0:00:20]} 29. Bd6 {[%emt 0:00:40]} Nf5 {[%emt 0:00:33]} 30. Bg3 {[%emt 0:00:12]} Re7 {[%emt 0:00:26]} 31. b4 {[%emt 0:00:10]} Kg7 {[%emt 0:00:24]} 32. Rd3 {[%emt 0:00:07]} h5 {[%emt 0:00:20]} 33. Rf3 {[%emt 0:00:04]} Nd4 {[%emt 0:00:06]} 34. Rfd3 {[%emt 0:00:05]} Rc2 {[%emt 0:00:25]} 35. Bb3 {[%emt 0:00:02]} Rb2 {[%emt 0:00:05]} 36. Bc4 {[%emt 0:00:07]} b5 {[%emt 0:00:05]} 37. Bd5 {[%emt 0:00:03]} h4 {[%emt 0:00:07]} 38. Bd6 {[%emt 0:00:08]} Rd7 {[%emt 0:00:21]} 39. Bc5 {[%emt 0:00:07]} Rxd5 {[%emt 0:00:07]} 40. Bxd4 {[%emt 0:00:01]} Bxd4 {[%emt 0:00:03]} 41. Rxd4 {[%emt 0:00:00]} Rxd4 {[%emt 0:00:08]} 42. Rxd4 {[%emt 0:00:00]} Rb3 {[%emt 0:00:05]} 43. Rd5 {[%emt 0:00:02]} f6 {[%emt 0:00:02]} 44. Rd7+ {[%emt 0:00:04]} Kg6 {[%emt 0:00:01]} 45. Rxa7 {[%emt 0:00:00]} Rb2 {[%emt 0:00:03]} 46. Ra5 {[%emt 0:00:09]} Ra2 {[%emt 0:00:02]} 47. Rxb5 {[%emt 0:00:02]} Rxa3 {[%emt 0:00:01]} 48. Rc5 {[%emt 0:00:04]} Ra2 {[%emt 0:00:03]} 49. b5 {[%emt 0:00:20]} Rb2 {[%emt 0:00:01]} 50. g4 {[%emt 0:00:02]} h3 {[%emt 0:00:09]} 51. Rc3 {[%emt 0:00:15]} Rxb5 {[%emt 0:00:08]} 52. Rxh3 {[%emt 0:00:00]} Rb4 {[%emt 0:00:03]} 53. Rg3 {[%emt 0:00:03]} f5 {[%emt 0:00:02]} 54. gxf5+ {[%emt 0:00:12]} Kxf5 {[%emt 0:00:01]} 55. Kg2 {[%emt 0:00:01]} g4 {[%emt 0:00:04]} 56. Ra3 {[%emt 0:00:02]} Rb5 {[%emt 0:00:09]} 57. Kg3 {[%emt 0:00:08]} Kg5 {[%emt 0:00:02]} 58. Re3 {[%emt 0:00:02]} Ra5 {[%emt 0:00:02]} 59. Rb3 {[%emt 0:00:01]} Rc5 {[%emt 0:00:01]} 60. Re3 {[%emt 0:00:06]} Rb5 {[%emt 0:00:02]} 61. Re8 {[%emt 0:00:02]} Rb3+ {[%emt 0:00:02]} 62. Kg2 {[%emt 0:00:01]} Ra3 {[%emt 0:00:02]} 63. Re5+ {[%emt 0:00:09]} Kf4 {[%emt 0:00:03]} 64. Rb5 {[%emt 0:00:05]} Rc3 {[%emt 0:00:01]} 65. Rb8 {[%emt 0:00:04]} Ra3 {[%emt 0:00:02]} 66. Rf8+ {[%emt 0:00:02]} Kg5 {[%emt 0:00:02]} 67. Rg8+ {[%emt 0:00:01]} Kf4 {[%emt 0:00:01]} 68. Re8 {[%emt 0:00:01]} Rb3 {[%emt 0:00:03]} 69. Rf8+ {[%emt 0:00:08]} Kg5 {[%emt 0:00:02]} 70. Re8 {[%emt 0:00:01]} Kf4 {[%emt 0:00:03]} 71. Re3 {[%emt 0:00:02]} Rb4 {[%emt 0:00:17]} 72. Ra3 {[%emt 0:00:02]} Rc4 {[%emt 0:00:02]} 73. Ra8 {[%emt 0:00:14]} Rc3 {[%emt 0:00:04]} 74. Rh8 {[%emt 0:00:09]} Ra3 {[%emt 0:00:03]} 75. Rh4 {[%emt 0:00:01]} Kg5 {[%emt 0:00:02]} 76. Rh8 {[%emt 0:00:02]} Kf4 {[%emt 0:00:01]} 77. Rf8+ {[%emt 0:00:20]} Kg5 {[%emt 0:00:03]} 78. Re8 {[%emt 0:00:02]} Kf4 {[%emt 0:00:02]} 79. Re3 {[%emt 0:00:01]} Ra4 {[%emt 0:00:03]} 80. h3 {[%emt 0:00:01]} gxh3+ {[%emt 0:00:04]} 81. Rxh3 {[%emt 0:00:00]} Ra2 {[%emt 0:00:08]} 82. Rh4+ {[%emt 0:00:06]} Kg5 {[%emt 0:00:05]} 83. Rb4 {[%emt 0:00:01]} Ra3 {[%emt 0:00:07]} 84. f3 {[%emt 0:00:01]} Ra1 {[%emt 0:00:08]} 85. Rb2 {[%emt 0:00:27]} Kf4 {[%emt 0:00:05]} 86. Kf2 {[%emt 0:00:02]} Ra4 {[%emt 0:00:08]} 87. Re2 {[%emt 0:00:06]} Rb4 {[%emt 0:00:02]} 88. Rd2 {[%emt 0:00:02]} Ra4 {[%emt 0:00:01]} 89. Ke2 {[%emt 0:00:02]} Rb4 {[%emt 0:00:04]} 90. Ra2 {[%emt 0:00:01]} Rc4 {[%emt 0:00:03]} 91. Ra8 {[%emt 0:00:04]} Rc2+ {[%emt 0:00:18]} 92. Kd3 {[%emt 0:00:02]} Rf2 {[%emt 0:00:05]} 93. Rf8+ {[%emt 0:00:01]} Ke5 {[%emt 0:00:31]} 94. Ke3 {[%emt 0:00:06]} Ra2 {[%emt 0:00:03]} 95. f4+ {[%emt 0:00:08]} Ke6 {[%emt 0:00:01]} 96. Kf3 {[%emt 0:00:02]} Ra1 {[%emt 0:00:14]} 97. Re8+ {[%emt 0:00:29]} Kf6 {[%emt 0:00:09]} 98. Re2 {[%emt 0:00:03]} Rb1 {[%emt 0:00:11]} 99. Rd2 {[%emt 0:00:05]} Ra1 {[%emt 0:00:09]} 100. Ke4 {[%emt 0:00:02]} Ra4+ {[%emt 0:00:03]} 101. Ke3 {[%emt 0:00:02]} Ra3+ {[%emt 0:00:01]} 102. Ke4 {[%emt 0:00:08]} Ra4+ {[%emt 0:00:02]} 103. Kf3 {[%emt 0:00:01]} Ra1 {[%emt 0:00:02]} 104. Rc2 {[%emt 0:00:07]} Kf5 {[%emt 0:00:05]} 105. Rc5+ {[%emt 0:00:02]} Kf6 {[%emt 0:00:02]} 106. Rc2 {[%emt 0:00:12]} Kf5 {[%emt 0:00:02]} 107. Rc5+ {[%emt 0:00:12]} Kf6 {[%emt 0:00:01]} 108. Rb5 {[%emt 0:00:05]} Rf1+ {[%emt 0:00:10]} 109. Kg3 {[%emt 0:00:01]} Rg1+ {[%emt 0:00:03]} 110. Kf3 {[%emt 0:00:02]} Rf1+ {[%emt 0:00:02]} 111. Ke3 {[%emt 0:00:01]} Re1+ {[%emt 0:00:05]} 112. Kf2 {[%emt 0:00:01]} Ra1 {[%emt 0:00:02]} 113. Rd5 {[%emt 0:00:14]} Rb1 {[%emt 0:00:05]} 114. Kg2 {[%emt 0:00:07]} Ra1 {[%emt 0:00:04]} 115. Kf3 {[%emt 0:00:01]} Rf1+ {[%emt 0:00:02]} 116. Kg3 {[%emt 0:00:01]} Rg1+ {[%emt 0:00:02]} 117. Kf2 {[%emt 0:00:08]} Ra1 {[%emt 0:00:02]} 118. Re5 {[%emt 0:00:09]} Rb1 {[%emt 0:00:12]} 119. Ke2 {[%emt 0:00:11]} Ra1 {[%emt 0:00:06]} 120. Kf3 {[%emt 0:00:01]} Rf1+ {[%emt 0:00:01]} 121. Kg4 {[%emt 0:00:03]} Rg1+ {[%emt 0:00:02]} 122. Kh4 {[%emt 0:00:02]} Rh1+ {[%emt 0:00:01]} 123. Kg3 {[%emt 0:00:01]} Rg1+ {[%emt 0:00:02]} 124. Kf3 {[%emt 0:00:01]} Rf1+ {[%emt 0:00:02]} 125. Ke3 {[%emt 0:00:02]} Re1+ {[%emt 0:00:02]} 126. Kd4 {[%emt 0:00:01]} Rxe5 {[%emt 0:00:10]} 127. fxe5+ {[%emt 0:00:01]} Ke6 {[%emt 0:00:01]} 128. Ke4 {[%emt 0:00:01]} Ke7 {[%emt 0:00:02]} 129. Kd5 {[%emt 0:00:00]} Kd7 {[%emt 0:00:03]} 130. Kc5 {[%emt 0:00:01]} Ke6 {[%emt 0:00:02]} 131. Kd4 {[%emt 0:00:00]} Ke7 {[%emt 0:00:02]} 132. Ke4 {[%emt 0:00:00]} Ke6 {[%emt 0:00:03]} 133. Kf4 {[%emt 0:00:00]} Ke7 {[%emt 0:00:02]} 134. Kf5 {[%emt 0:00:00]} Kf7 {[%emt 0:00:01]} 135. e6+ {[%emt 0:00:00]} Ke7 {[%emt 0:00:02]} 136. Ke5 {[%emt 0:00:00]} Ke8 {[%emt 0:00:03]} 137. Kd6 {[%emt 0:00:00]} Kd8 {[%emt 0:00:02]} 138. Kd5 {[%emt 0:00:00]} Ke7 {[%emt 0:00:03]} 139. Ke5 {[%emt 0:00:00]} Ke8 {[%emt 0:00:02]} 140. Kf6 {[%emt 0:00:00]} Kf8 {[%emt 0:00:02]} 141. Kg6 {[%emt 0:00:01]} Ke7 {[%emt 0:00:02]} 142. Kf5 {[%emt 0:00:00]} Ke8 {[%emt 0:00:08]} 143. Ke5 {[%emt 0:00:01]} Ke7 {[%emt 0:00:01]} 144. Kd5 {[%emt 0:00:02]} Ke8 {[%emt 0:00:04]} 145. Ke4 {[%emt 0:00:01]} Ke7 {[%emt 0:00:01]} 146. Ke5 {[%emt 0:00:00]} 1/2-1/2

[Event "European Online Club-ch-D 2021"]
[Site "Online"]
[Date "2021.03.27"]
[Round "9.11"]
[White "Dauletova, Gulmira"]
[Black "Toma, Radu-Cristian"]
[Result "0-1"]
[WhiteElo "2285"]
[BlackElo "2385"]
[Annotator "NA"]
[PlyCount "84"]
[EventDate "2021.03.27"]
[EventType "team-tourn"]
[EventCountry "NET"]
[SourceTitle "playchess.com"]
[Source "ChessBase"]
[SourceQuality "1"]
[TimeControl "900+5"]

1. e4 {[%emt 0:00:00]} c5 {[%emt 0:00:03]} 2. Nf3 {[%emt 0:00:03]} Nc6 {[%emt 0:00:01]} 3. d4 {[%emt 0:00:04]} cxd4 {[%emt 0:00:02]} 4. Nxd4 {[%emt 0:00:01]} g6 {[%emt 0:00:02]} 5. c4 {[%emt 0:00:12]} Nf6 {[%emt 0:00:03]} 6. Nc3 {[%emt 0:00:03]} Nxd4 {[%emt 0:00:02]} 7. Qxd4 {[%emt 0:00:03]} d6 {[%emt 0:00:01]} 8. Be2 {[%emt 0:01:09]} Bg7 {[%emt 0:00:05]} 9. Be3 {[%emt 0:00:02]} O-O {[%emt 0:00:01]} 10. Qd2 {[%emt 0:00:03]} a5 {[%emt 0:00:09]} 11. Rd1 {[%emt 0:00:38]} Bd7 {[%emt 0:00:42]} 12. b3 {[%emt 0:00:45]} a4 {[%emt 0:03:57]} 13. b4 {[%emt 0:00:06]} Rc8 {[%emt 0:00:02]} 14. f3 {[%emt 0:00:12]} Be6 {[%emt 0:04:06]} 15. Nd5 {[%emt 0:01:01]} b5 {[%emt 0:01:02]} 16. Nb6 {[%emt 0:04:26]} Rb8 {[%emt 0:00:20]} 17. c5 {[%emt 0:01:00]} Nd7 {[%emt 0:00:23]} 18. Bxb5 {[%emt 0:00:52]} Nxb6 {[%emt 0:00:33]} 19. cxb6 {[%emt 0:00:12]} a3 {[%emt 0:00:18]} 20. Bd3 {[%emt 0:02:22]} Rxb6 {[%emt 0:00:41]} 21. O-O {[%emt 0:01:56]} Rb7 {[%emt 0:01:08]} 22. b5 {[%emt 0:00:50]} Bd7 {[%emt 0:00:05]} 23. b6 {[%emt 0:00:04]} Rxb6 {[%emt 0:00:10]} 24. Bxb6 {[%emt 0:00:03]} Qxb6+ {[%emt 0:00:05]} 25. Kh1 {[%emt 0:00:01]} Be6 {[%emt 0:00:03]} 26. Rb1 {[%emt 0:00:05]} Bb2 {[%emt 0:00:02]} 27. f4 {[%emt 0:00:03]} Bxa2 {[%emt 0:00:03]} 28. f5 {[%emt 0:00:08]} Bxb1 {[%emt 0:00:10]} 29. Bxb1 {[%emt 0:00:04]} Qd4 {[%emt 0:00:33]} 30. Qc2 {[%emt 0:00:14]} Qc5 {[%emt 0:00:20]} 31. Qb3 {[%emt 0:00:05]} Bf6 {[%emt 0:00:13]} 32. fxg6 {[%emt 0:00:15]} hxg6 {[%emt 0:00:05]} 33. e5 {[%emt 0:00:15]} Qxe5 {[%emt 0:00:33]} 34. Bxg6 {[%emt 0:00:02]} Kg7 {[%emt 0:00:16]} 35. Bb1 {[%emt 0:00:03]} Rh8 {[%emt 0:00:03]} 36. h3 {[%emt 0:00:20]} Qc3 {[%emt 0:00:23]} 37. Qd1 {[%emt 0:00:12]} Qd4 {[%emt 0:00:35]} 38. Qf3 {[%emt 0:00:04]} Qc4 {[%emt 0:00:11]} 39. Qg3+ {[%emt 0:00:04]} Kf8 {[%emt 0:00:02]} 40. Rg1 {[%emt 0:00:06]} a2 {[%emt 0:00:04]} 41. Bd3 {[%emt 0:00:03]} Qc3 {[%emt 0:00:04]} 42. Qf3 {[%emt 0:00:04]} a1=Q {[%emt 0:00:07]} 0-1

[Event "European Online Club-ch-D 2021"]
[Site "Online"]
[Date "2021.03.27"]
[Round "9.12"]
[White "Gavrilescu, David"]
[Black "Muminova, Nafisa"]
[Result "0-1"]
[WhiteElo "2476"]
[BlackElo "2274"]
[Annotator "ChessBase"]
[PlyCount "56"]
[EventDate "2021.03.27"]
[EventType "team-tourn"]
[EventCountry "NET"]
[SourceTitle "playchess.com"]
[Source "ChessBase"]
[SourceQuality "1"]
[TimeControl "900+5"]

1. e4 {[%emt 0:00:00]} e6 {[%emt 0:00:06]} 2. d4 {[%emt 0:00:02]} d5 {[%emt 0:00:02]} 3. Nc3 {[%emt 0:00:01]} Nf6 {[%emt 0:00:03]} 4. e5 {[%emt 0:00:02]} Nfd7 {[%emt 0:00:01]} 5. Nce2 {[%emt 0:00:01]} c5 {[%emt 0:00:03]} 6. c3 {[%emt 0:00:01]} Nc6 {[%emt 0:00:04]} 7. Nf3 {[%emt 0:00:01]} b5 {[%emt 0:00:02]} 8. Nf4 {[%emt 0:00:06]} Qa5 {[%emt 0:00:20]} 9. a3 {[%emt 0:04:34]} cxd4 {[%emt 0:00:36]} 10. b4 {[%emt 0:00:03]} Qb6 {[%emt 0:00:47]} 11. cxd4 {[%emt 0:00:17]} a5 {[%emt 0:00:04]} 12. bxa5 {[%emt 0:00:15]} Rxa5 {[%emt 0:00:07]} 13. Rb1 {[%emt 0:00:22]} Bxa3 {[%emt 0:00:34]} 14. Bd2 {[%emt 0:00:42]} b4 {[%emt 0:00:14]} 15. Nh5 {[%emt 0:00:45]} O-O {[%emt 0:01:05]} 16. Rb3 {[%emt 0:05:35]} Ba6 {[%emt 0:01:13]} 17. h4 {[%emt 0:01:09]} Rc8 {[%emt 0:00:10]} 18. Bxa6 {[%emt 0:01:21]} Qxa6 {[%emt 0:00:23]} 19. Rh3 {[%emt 0:00:20]} Qc4 {[%emt 0:01:52]} 20. Nxg7 {[%emt 0:00:50]} Kxg7 {[%emt 0:00:16]} 21. Rg3+ {[%emt 0:00:01]} Kf8 {[%emt 0:00:02]} 22. Bh6+ {[%emt 0:00:02]} Ke7 {[%emt 0:00:01]} 23. Qd2 {[%emt 0:00:08]} Nf8 {[%emt 0:02:57]} 24. Qg5+ {[%emt 0:00:08]} Kd7 {[%emt 0:00:07]} 25. Rb1 {[%emt 0:00:14]} Nxd4 {[%emt 0:01:38]} 26. Nxd4 {[%emt 0:00:00]} Qxd4 {[%emt 0:00:02]} 27. Kf1 {[%emt 0:00:01]} Rac5 {[%emt 0:00:30]} 28. Qf6 {[%emt 0:00:03]} Rc1+ {[%emt 0:00:05]} 0-1

[Event "European Online Club-ch-D 2021"]
[Site "Online"]
[Date "2021.03.27"]
[Round "9.13"]
[White "Reimanis, Ritvars"]
[Black "Lagarde, Maxime"]
[Result "0-1"]
[WhiteElo "2412"]
[BlackElo "2640"]
[Annotator "ChessBase"]
[PlyCount "68"]
[EventDate "2021.03.27"]
[EventType "team-tourn"]
[EventCountry "NET"]
[SourceTitle "playchess.com"]
[Source "ChessBase"]
[SourceQuality "1"]
[TimeControl "900+5"]

1. d4 {[%emt 0:00:00]} d5 {[%emt 0:00:07]} 2. c4 {[%emt 0:00:03]} e6 {[%emt 0:00:02]} 3. Nf3 {[%emt 0:00:02]} Nf6 {[%emt 0:00:02]} 4. Nc3 {[%emt 0:00:04]} dxc4 {[%emt 0:00:02]} 5. e3 {[%emt 0:00:05]} a6 {[%emt 0:00:12]} 6. Bxc4 {[%emt 0:00:01]} c5 {[%emt 0:00:03]} 7. O-O {[%emt 0:00:03]} b5 {[%emt 0:00:07]} 8. Bb3 {[%emt 0:00:03]} Bb7 {[%emt 0:00:09]} 9. Qe2 {[%emt 0:00:13]} Be7 {[%emt 0:00:16]} 10. Rd1 {[%emt 0:00:05]} O-O {[%emt 0:00:11]} 11. dxc5 {[%emt 0:00:11]} Qc7 {[%emt 0:00:05]} 12. e4 {[%emt 0:00:03]} Bxc5 {[%emt 0:00:05]} 13. h3 {[%emt 0:00:13]} Nbd7 {[%emt 0:00:28]} 14. a3 {[%emt 0:00:28]} Rac8 {[%emt 0:00:38]} 15. Bg5 {[%emt 0:00:06]} h6 {[%emt 0:00:06]} 16. Bd2 {[%emt 0:00:42]} Qb6 {[%emt 0:02:40]} 17. Be1 {[%emt 0:03:02]} Rc7 {[%emt 0:00:13]} 18. Bc2 {[%emt 0:00:50]} Rfc8 {[%emt 0:00:26]} 19. Bb1 {[%emt 0:01:06]} Nf8 {[%emt 0:00:45]} 20. Ne5 {[%emt 0:00:32]} Bd4 {[%emt 0:00:16]} 21. Nf3 {[%emt 0:00:15]} e5 {[%emt 0:00:37]} 22. Nxd4 {[%emt 0:00:48]} exd4 {[%emt 0:00:00]} 23. Nd5 {[%emt 0:00:01]} Nxd5 {[%emt 0:00:20]} 24. exd5 {[%emt 0:00:02]} Bxd5 {[%emt 0:00:00]} 25. Bb4 {[%emt 0:01:43]} Ne6 {[%emt 0:00:59]} 26. Qd3 {[%emt 0:00:23]} g6 {[%emt 0:00:04]} 27. Qd2 {[%emt 0:00:04]} Qc6 {[%emt 0:00:07]} 28. Qxh6 {[%emt 0:00:14]} Bxg2 {[%emt 0:00:08]} 29. Ba5 {[%emt 0:03:11]} Bh1 {[%emt 0:00:11]} 30. Kf1 {[%emt 0:00:49]} Qg2+ {[%emt 0:00:57]} 31. Ke1 {[%emt 0:00:55]} Qg1+ {[%emt 0:00:02]} 32. Ke2 {[%emt 0:00:11]} Bf3+ {[%emt 0:00:08]} 33. Kxf3 {[%emt 0:00:01]} Qxd1+ {[%emt 0:00:01]} 34. Kg2 {[%emt 0:00:01]} Rc1 {[%emt 0:00:03]} 0-1

[Event "European Online Club-ch-D 2021"]
[Site "Online"]
[Date "2021.03.27"]
[Round "9.14"]
[White "Maurizzi, Marc Andria"]
[Black "Kvetny, Mark"]
[Result "1-0"]
[WhiteElo "2461"]
[BlackElo "2416"]
[Annotator "ChessBase"]
[PlyCount "81"]
[EventDate "2021.03.27"]
[EventType "team-tourn"]
[EventCountry "NET"]
[SourceTitle "playchess.com"]
[Source "ChessBase"]
[SourceQuality "1"]
[TimeControl "900+5"]

1. e4 {[%emt 0:00:00]} c5 {[%emt 0:00:09]} 2. c3 {[%emt 0:00:03]} d5 {[%emt 0:00:16]} 3. exd5 {[%emt 0:00:02]} Qxd5 {[%emt 0:00:02]} 4. d4 {[%emt 0:00:01]} Nf6 {[%emt 0:00:05]} 5. Nf3 {[%emt 0:00:03]} Nc6 {[%emt 0:00:37]} 6. Be3 {[%emt 0:00:22]} Bf5 {[%emt 0:00:56]} 7. Na3 {[%emt 0:00:36]} cxd4 {[%emt 0:00:31]} 8. Nxd4 {[%emt 0:00:24]} Nxd4 {[%emt 0:00:30]} 9. Qxd4 {[%emt 0:00:00]} Qxd4 {[%emt 0:01:34]} 10. Bxd4 {[%emt 0:00:00]} e5 {[%emt 0:01:18]} 11. Bxe5 {[%emt 0:00:07]} Bxa3 {[%emt 0:00:06]} 12. bxa3 {[%emt 0:00:00]} O-O-O {[%emt 0:00:04]} 13. Bd4 {[%emt 0:01:32]} Rhe8+ {[%emt 0:00:45]} 14. Kd2 {[%emt 0:00:01]} Ng4 {[%emt 0:02:16]} 15. f3 {[%emt 0:01:13]} Ne3 {[%emt 0:00:47]} 16. Bb5 {[%emt 0:00:47]} Re5 {[%emt 0:00:06]} 17. g4 {[%emt 0:00:05]} Nc2 {[%emt 0:01:49]} 18. Bd3 {[%emt 0:01:41]} Bxd3 {[%emt 0:00:35]} 19. Bxe5 {[%emt 0:00:08]} Bg6+ {[%emt 0:01:10]} 20. Bd4 {[%emt 0:00:06]} Nxa1 {[%emt 0:00:03]} 21. Rxa1 {[%emt 0:00:00]} f6 {[%emt 0:00:05]} 22. h4 {[%emt 0:00:13]} h5 {[%emt 0:00:16]} 23. Rg1 {[%emt 0:00:04]} Rd7 {[%emt 0:00:06]} 24. Ke3 {[%emt 0:00:03]} a6 {[%emt 0:00:08]} 25. g5 {[%emt 0:00:08]} fxg5 {[%emt 0:00:06]} 26. Rxg5 {[%emt 0:00:00]} Re7+ {[%emt 0:00:32]} 27. Kf4 {[%emt 0:00:07]} Rf7+ {[%emt 0:00:12]} 28. Kg3 {[%emt 0:00:03]} Bc2 {[%emt 0:00:20]} 29. Bxg7 {[%emt 0:00:16]} Bd1 {[%emt 0:00:02]} 30. f4 {[%emt 0:00:02]} Kd7 {[%emt 0:00:30]} 31. f5 {[%emt 0:00:49]} Bg4 {[%emt 0:00:35]} 32. Kf4 {[%emt 0:00:17]} Bd1 {[%emt 0:00:07]} 33. Bd4 {[%emt 0:00:08]} Kd6 {[%emt 0:00:09]} 34. f6 {[%emt 0:00:04]} Ke6 {[%emt 0:00:19]} 35. Rg1 {[%emt 0:00:08]} Bg4 {[%emt 0:00:02]} 36. Re1+ {[%emt 0:00:00]} Kd6 {[%emt 0:00:06]} 37. Kg5 {[%emt 0:00:01]} Rf8 {[%emt 0:00:13]} 38. Kg6 {[%emt 0:00:04]} Be6 {[%emt 0:00:10]} 39. Bc5+ {[%emt 0:00:04]} Kxc5 {[%emt 0:00:09]} 40. Rxe6 {[%emt 0:00:02]} Kd5 {[%emt 0:00:02]} 41. Re3 {[%emt 0:00:03]} 1-0

[Event "European Online Club-ch-D 2021"]
[Site "Online"]
[Date "2021.03.27"]
[Round "9.15"]
[White "Hoffmann, Hendrik"]
[Black "Medvegy, Zoltan"]
[Result "0-1"]
[WhiteElo "2242"]
[BlackElo "2527"]
[Annotator "ChessBase"]
[PlyCount "60"]
[EventDate "2021.03.27"]
[EventType "team-tourn"]
[EventCountry "NET"]
[SourceTitle "playchess.com"]
[Source "ChessBase"]
[SourceQuality "1"]
[TimeControl "900+5"]

1. e4 {[%emt 0:00:00]} c6 {[%emt 0:00:03]} 2. d4 {[%emt 0:00:05]} d5 {[%emt 0:00:01]} 3. Nc3 {[%emt 0:00:02]} g6 {[%emt 0:00:04]} 4. h3 {[%emt 0:00:05]} Bg7 {[%emt 0:00:04]} 5. Nf3 {[%emt 0:00:03]} Nf6 {[%emt 0:00:02]} 6. e5 {[%emt 0:00:09]} Ne4 {[%emt 0:00:02]} 7. Bd3 {[%emt 0:00:08]} Nxc3 {[%emt 0:00:03]} 8. bxc3 {[%emt 0:00:01]} c5 {[%emt 0:00:04]} 9. Bb5+ {[%emt 0:00:39]} Bd7 {[%emt 0:01:33]} 10. Bxd7+ {[%emt 0:00:20]} Qxd7 {[%emt 0:00:04]} 11. O-O {[%emt 0:00:03]} Nc6 {[%emt 0:01:49]} 12. Re1 {[%emt 0:00:11]} cxd4 {[%emt 0:02:00]} 13. cxd4 {[%emt 0:00:06]} O-O {[%emt 0:00:02]} 14. Bg5 {[%emt 0:00:47]} Rac8 {[%emt 0:01:06]} 15. Qd2 {[%emt 0:00:26]} Nd8 {[%emt 0:00:22]} 16. Rac1 {[%emt 0:00:19]} Ne6 {[%emt 0:00:11]} 17. Bh6 {[%emt 0:00:05]} Rc4 {[%emt 0:00:15]} 18. h4 {[%emt 0:00:25]} Nxd4 {[%emt 0:00:33]} 19. Nxd4 {[%emt 0:00:31]} Bxh6 {[%emt 0:00:04]} 20. Qxh6 {[%emt 0:00:10]} Rxd4 {[%emt 0:00:03]} 21. Rcd1 {[%emt 0:00:21]} Rxd1 {[%emt 0:04:02]} 22. Rxd1 {[%emt 0:00:04]} Rc8 {[%emt 0:00:06]} 23. h5 {[%emt 0:00:14]} Rxc2 {[%emt 0:01:11]} 24. Rd3 {[%emt 0:01:10]} Qf5 {[%emt 0:00:45]} 25. Rf3 {[%emt 0:00:37]} Qxh5 {[%emt 0:00:43]} 26. Qf4 {[%emt 0:00:21]} Qf5 {[%emt 0:00:13]} 27. Qe3 {[%emt 0:00:02]} Qe4 {[%emt 0:00:10]} 28. Qxa7 {[%emt 0:00:09]} Rc1+ {[%emt 0:00:05]} 29. Kh2 {[%emt 0:00:03]} Qxe5+ {[%emt 0:00:10]} 30. g3 {[%emt 0:01:14]} Qh5+ {[%emt 0:00:05]} 0-1

[Event "European Online Club-ch-D 2021"]
[Site "Online"]
[Date "2021.03.27"]
[Round "9.16"]
[White "Guliyev, Namig"]
[Black "Kelmendi, Bajrush"]
[Result "1-0"]
[WhiteElo "2538"]
[BlackElo "1951"]
[Annotator "ChessBase"]
[PlyCount "55"]
[EventDate "2021.03.27"]
[EventType "team-tourn"]
[EventCountry "NET"]
[SourceTitle "playchess.com"]
[Source "ChessBase"]
[SourceQuality "1"]
[TimeControl "900+5"]

1. e4 {[%emt 0:00:00]} g6 {[%emt 0:00:04]} 2. d4 {[%emt 0:00:04]} Bg7 {[%emt 0:00:02]} 3. Nc3 {[%emt 0:00:03]} b6 {[%emt 0:00:03]} 4. Be3 {[%emt 0:00:02]} e6 {[%emt 0:00:01]} 5. Qd2 {[%emt 0:00:01]} d6 {[%emt 0:00:02]} 6. h4 {[%emt 0:00:05]} h6 {[%emt 0:00:01]} 7. g4 {[%emt 0:00:14]} Bb7 {[%emt 0:00:05]} 8. O-O-O {[%emt 0:00:10]} Ne7 {[%emt 0:00:05]} 9. f4 {[%emt 0:00:20]} f5 {[%emt 0:00:08]} 10. gxf5 {[%emt 0:00:33]} gxf5 {[%emt 0:00:03]} 11. Bh3 {[%emt 0:00:04]} a6 {[%emt 0:00:13]} 12. d5 {[%emt 0:00:10]} exd5 {[%emt 0:00:22]} 13. exd5 {[%emt 0:00:13]} Nd7 {[%emt 0:00:19]} 14. Bd4 {[%emt 0:00:03]} Nf6 {[%emt 0:00:05]} 15. Nf3 {[%emt 0:00:19]} Qd7 {[%emt 0:00:03]} 16. Rhg1 {[%emt 0:00:02]} Rg8 {[%emt 0:00:47]} 17. Rxg7 {[%emt 0:00:05]} Rxg7 {[%emt 0:00:01]} 18. Bxf6 {[%emt 0:00:01]} Rf7 {[%emt 0:00:02]} 19. Bxe7 {[%emt 0:00:13]} Rxe7 {[%emt 0:00:04]} 20. Nd4 {[%emt 0:00:01]} Rf7 {[%emt 0:00:10]} 21. Re1+ {[%emt 0:00:03]} Kf8 {[%emt 0:00:04]} 22. Ne6+ {[%emt 0:00:16]} Kg8 {[%emt 0:00:05]} 23. Qd3 {[%emt 0:00:07]} Qe7 {[%emt 0:00:29]} 24. Bxf5 {[%emt 0:00:24]} Qxh4 {[%emt 0:00:08]} 25. Rg1+ {[%emt 0:00:06]} Kh8 {[%emt 0:00:01]} 26. b3 {[%emt 0:00:30]} Qf6 {[%emt 0:00:10]} 27. Rg6 {[%emt 0:00:26]} Qh4 {[%emt 0:00:22]} 28. Qd4+ {[%emt 0:00:04]} 1-0